AFL Top 4 2010s - Statistics

General Stats
  • This quiz has been taken 24 times
  • The average score is 22 of 40
Answer Stats
Year 1st % Correct
2012 Hawthorn
100%
2013 Hawthorn
100%
2015 Fremantle
93%
2018 Richmond
93%
2014 Sydney
86%
2010 Collingwood
79%
2011 Collingwood
79%
2019 Geelong
79%
2016 Sydney
79%
2017 Adelaide
71%
Geelong
71%
Richmond
71%
West Coast
71%
Geelong
64%
Hawthorn
64%
Richmond
64%
Hawthorn
57%
Adelaide
50%
Collingwood
50%
Geelong
50%
Hawthorn
50%
St Kilda
50%
West Coast
50%
Collingwood
43%
Fremantle
43%
Geelong
43%
Geelong
43%
Geelong
43%
Hawthorn
43%
Sydney
43%
Hawthorn
36%
GWS Giants
29%
GWS Giants
29%
Sydney
29%
Sydney
29%
West Coast
29%
Western Bulldogs
29%
Brisbane Lions
21%
Collingwood
21%
Fremantle
21%
No matching quizzes found
Score Distribution
Percent of People with Each Score
Percentile by Number Answered
Your Score History
You have not taken this quiz